Il posto delle fragole /
Збережено в:
| Інші автори: | , , |
|---|---|
| Формат: | |
| Мова: | Італійська мова |
| Опубліковано: |
[Milano] :
Sampaolo audiovisivi,
1985
|
| Серія: | CM ;
10 |
| Теги: |
Немає тегів, Будьте першим, хто поставить тег для цього запису!
|
MARC
| LEADER | 00000ngm a22000007i 4500 | ||
|---|---|---|---|
| 001 | IT\ICCU\MOD\0316185 | ||
| 003 | ItRI | ||
| 005 | 20260124182844.0 | ||
| 008 | 010330s1985 it |||||||||||||||k|||||c | ||
| 028 | 4 | 2 | |a 4702011 |
| 040 | |b ita | ||
| 041 | 7 | |a ita |2 ISO-639-2 | |
| 130 | 0 | |a Smultronstället <film ; 1957> |3 IT\ICCU\LO1\1180023 | |
| 245 | 0 | 3 | |a Il posto delle fragole / |c film di Ingmar Bergman. |
| 260 | |a [Milano] : |b Sampaolo audiovisivi, |c 1985 | ||
| 300 | |a 1 videocassetta (VHS) (ca. 94 min.) : |b b/n, sonoro | ||
| 500 | |a Tit. del contenitore | ||
| 500 | |a Film del 1957, Svezia; interpreti: Victor Sjostrom, Ingrid Thulin. | ||
| 700 | 1 | |a Bergman, Ingmar |0 IT\ICCU\CFIV\072947 |4 drt | |
| 700 | 1 | |a Sjöström, Victor |0 IT\ICCU\RAVV\089426 |4 act | |
| 700 | 1 | |a Thulin, Ingrid |0 IT\ICCU\RAVV\089699 |4 act | |
| 790 | 1 | |a Bergman, Ernst Ingmar |3 IT\ICCU\SBNV\029051 |z Bergman, Ingmar | |
| 830 | 0 | |a CM ; |v 10 |0 IT\ICCU\MIL\0353056 | |
| 942 | |2 ddc |c VM |n 0 | ||
| 952 | |0 0 |1 0 |4 0 |6 VO_2045_000000000000000 |7 0 |9 27072 |a BO |b BO |d 2026-01-24 |i 16932 |l 0 |o VO 2045 |p BO16932 |r 2026-01-24 18:28:44 |w 2026-01-24 |x [Sebina 5] [1 videocassetta] |y VM |z 1 videocassetta | ||
| 999 | |c 22910 |d 22910 | ||